[Event "Titled Tuesday intern op 28th Apr"]
[Site "Chess.com INT"]
[Date "2020.04.28"]
[Round "6"]
[White "Girish, A Koushnik"]
[Black "Hansen, Martin"]
[Result "1-0"]
[WhiteElo "2498"]
[BlackElo "2058"]
[PlyCount "67"]
[EventDate "2020.04.28"]
[EventType "swiss (blitz)"]
[EventRounds "10"]
[EventCountry "USA"]
[SourceTitle "EXT 2021"]
[Source "ChessBase"]
[SourceDate "2020.10.23"]
[SourceVersion "1"]
[SourceVersionDate "2020.10.23"]
[SourceQuality "1"]

1. d4 d5 2. Bf4 Nf6 3. e3 c6 4. c3 Bf5 5. Bd3 Bxd3 6. Qxd3 e6 7. Nd2 Be7 8. Ngf3 Nbd7 9. g4 Nxg4 10. Rg1 f5 11. h3 Ngf6 12. Rxg7 Ne4 13. Ne5 Nxe5 14. Bxe5 Bf6 15. Bxf6 Qxf6 16. Rxb7 0-0 17. Nf3 Rab8 18. Rxb8 Rxb8 19. Qe2 Qh6 20. h4 f4 21. 0-0-0 fxe3 22. Qxe3 Qxe3+ 23. fxe3 Rf8 24. Rg1+ Kh8 25. Ne5 c5 26. h5 c4 27. h6 Nd6 28. Rg7 Rf1+ 29. Kc2 Rf2+ 30. Kd1 Rh2 31. Rd7 Rh1+ 32. Ke2 Rh2+ 33. Kf1 Ne8 34. Rd8 1-0

[Event "Titled Tuesday intern op 28th Apr"]
[Site "Chess.com INT"]
[Date "2020.04.28"]
[Round "1"]
[White "Hansen, Martin"]
[Black "Abdrlauf, Elham"]
[Result "0-1"]
[WhiteElo "2058"]
[BlackElo "2362"]
[PlyCount "70"]
[EventDate "2020.04.28"]
[EventType "swiss (blitz)"]
[EventRounds "10"]
[EventCountry "USA"]
[SourceTitle "EXT 2021"]
[Source "ChessBase"]
[SourceDate "2020.10.23"]
[SourceVersion "1"]
[SourceVersionDate "2020.10.23"]
[SourceQuality "1"]

1. e4 c6 2. d4 d5 3. Nc3 dxe4 4. Nxe4 Nf6 5. Nxf6+ exf6 6. c3 Bd6 7. Bd3 0-0 8. Qc2 Re8+ 9. Ne2 h5 10. Bd2 Be6 11. 0-0 h4 12. Nf4 Bxf4 13. Bxf4 h3 14. Rfe1 hxg2 15. Re3 Na6 16. Rg3 Kf8 17. Qd1 g5 18. Be3 Nc7 19. Qh5 Nd5 20. Re1 Ke7 21. c4 Nxe3 22. Rgxe3 Qxd4 23. Bf5 Qxc4 24. b3 Qd5 25. Bxe6 fxe6 26. Rd1 Rh8 27. Qe2 Qf5 28. Qd2 Rad8 29. Qb4+ Kf7 30. Qxb7+ Kg6 31. Rde1 Qf4 32. h3 Rd2 33. R3e2 Rxe2 34. Rxe2 Rxh3 35. Qxc6 Qh2# 0-1

[Event "Titled Tuesday intern op 28th Apr"]
[Site "Chess.com INT"]
[Date "2020.04.28"]
[Round "9"]
[White "Hansen, Martin"]
[Black "Nowak, Lukasz1111"]
[Result "1/2-1/2"]
[WhiteElo "2058"]
[BlackElo "2300"]
[PlyCount "76"]
[EventDate "2020.04.28"]
[EventType "swiss (blitz)"]
[EventRounds "10"]
[EventCountry "USA"]
[SourceTitle "EXT 2021"]
[Source "ChessBase"]
[SourceDate "2020.10.23"]
[SourceVersion "1"]
[SourceVersionDate "2020.10.23"]
[SourceQuality "1"]

1. e4 c5 2. c3 Nf6 3. e5 Nd5 4. Nf3 e6 5. Bc4 d6 6. d4 cxd4 7. cxd4 Be7 8. 0-0 0-0 9. Qe2 b6 10. Rd1 Bb7 11. b3 Nd7 12. Bb2 a6 13. Nbd2 b5 14. Bxd5 Bxd5 15. Ne4 dxe5 16. dxe5 Qc7 17. Rac1 Qb7 18. Nd6 Bxd6 19. exd6 Rac8 20. Ne5 Nxe5 21. Qxe5 f6 22. Qg3 Rxc1 23. Rxc1 Rc8 24. Rxc8+ Qxc8 25. h4 e5 26. Qd3 Qc6 27. Ba3 g6 28. h5 Kf7 29. hxg6+ hxg6 30. Qh3 b4 31. Qh7+ Ke6 32. Qe7+ Kf5 33. d7 bxa3 34. d8Q Qc1+ 35. Kh2 Qf4+ 36. Kg1 Qc1+ 37. Kh2 Qh6+ 38. Kg1 Qc1+ 1/2-1/2

[Event "Titled Tuesday intern op 28th Apr"]
[Site "Chess.com INT"]
[Date "2020.04.28"]
[Round "2"]
[White "Mahajan, Rushaan"]
[Black "Hansen, Martin"]
[Result "0-1"]
[WhiteElo "2151"]
[BlackElo "2058"]
[PlyCount "40"]
[EventDate "2020.04.28"]
[EventType "swiss (blitz)"]
[EventRounds "10"]
[EventCountry "USA"]
[SourceTitle "EXT 2021"]
[Source "ChessBase"]
[SourceDate "2020.10.23"]
[SourceVersion "1"]
[SourceVersionDate "2020.10.23"]
[SourceQuality "1"]

1. d4 d5 2. Bf4 Nf6 3. e3 c6 4. Nf3 Bg4 5. Be2 e6 6. h3 Bh5 7. c4 Nbd7 8. Nc3 Be7 9. 0-0 0-0 10. Qb3 Qb6 11. c5 Qxb3 12. axb3 a6 13. b4 Ne4 14. Rfc1 g5 15. Bh2 f5 16. Kf1 Bxf3 17. gxf3 Nd2+ 18. Ke1 Nb3 19. Rd1 Nxa1 20. Rxa1 Kf7 0-1

[Event "US Open-120"]
[Site "Orlando"]
[Date "2019.08.09"]
[Round "7"]
[White "Hansen, Martin"]
[Black "Hungaski, Robert Andrew"]
[Result "0-1"]
[WhiteElo "2058"]
[BlackElo "2482"]
[PlyCount "82"]
[EventDate "2019.08.03"]
[EventType "swiss"]
[EventRounds "9"]
[EventCountry "USA"]
[SourceTitle "CBM 191 Extra"]
[Source "ChessBase"]
[SourceDate "2019.09.30"]
[SourceVersion "1"]
[SourceVersionDate "2019.09.30"]
[SourceQuality "1"]

1. e4 e5 2. Nf3 Nc6 3. Bb5 a6 4. Ba4 Nf6 5. 0-0 Be7 6. Re1 b5 7. Bb3 d6 8. c3 0-0 9. d4 Bg4 10. Be3 exd4 11. cxd4 Na5 12. Bc2 Nc4 13. Bc1 Nd7 14. b3 Ncb6 15. Bb2 c5 16. Nbd2 Re8 17. Qb1 Nf8 18. h3 Bh5 19. g4 Bg6 20. Nf1 d5 21. e5 Bxc2 22. Qxc2 c4 23. Ng3 Rc8 24. Qd2 b4 25. Qe3 Ne6 26. Nf5 Bf8 27. h4 a5 28. g5 a4 29. Rad1 cxb3 30. axb3 axb3 31. Qxb3 Qd7 32. Ng3 Nf4 33. e6 Rxe6 34. Ne5 Rxe5 35. dxe5 Qg4 36. Rd4 Bc5 37. Qd1 Qxh4 38. e6 fxe6 39. Qd2 Rf8 40. Rxe6 Qh3 41. Rxf4 Qxg3+ 0-1

[Event "Titled Tuesday intern op 1st Jan"]
[Site "Chess.com INT"]
[Date "2019.01.01"]
[Round "1"]
[White "Kiewra, Keaton F"]
[Black "Hansen, Martin"]
[Result "1/2-1/2"]
[WhiteElo "2362"]
[BlackElo "2067"]
[PlyCount "187"]
[EventDate "2019.01.01"]
[EventType "swiss (blitz)"]
[EventRounds "10"]
[EventCountry "USA"]
[SourceTitle "EXT 2021"]
[Source "ChessBase"]
[SourceDate "2020.10.23"]
[SourceVersion "1"]
[SourceVersionDate "2020.10.23"]
[SourceQuality "1"]

1. Nf3 d5 2. e3 Nf6 3. c4 c6 4. Nc3 Bg4 5. Qb3 Qb6 6. Ne5 Be6 7. d4 Nbd7 8. Nxd7 Nxd7 9. c5 Qxb3 10. axb3 a6 11. b4 Rd8 12. Bd3 g6 13. 0-0 Bg7 14. f4 Bf5 15. Be2 h5 16. h3 Nf6 17. Bd2 Ne4 18. Nxe4 Bxe4 19. Kf2 0-0 20. g4 hxg4 21. hxg4 f6 22. Kg3 e5 23. Bc3 exd4 24. Bxd4 f5 25. gxf5 Bxd4 26. exd4 Bxf5 27. Bg4 Rde8 28. Rae1 Be4 29. Bf3 Bxf3 30. Kxf3 Rxe1 31. Rxe1 g5 32. f5 Rxf5+ 33. Kg4 Rf4+ 34. Kxg5 Rxd4 35. Kf6 Rxb4 36. Rg1+ Kf8 37. Rh1 Rf4+ 38. Ke6 Rc4 39. Rf1+ Kg8 40. Rg1+ Kh7 41. Kd6 Rb4 42. Rg2 d4 43. Ke5 Kh6 44. Ke4 Kh5 45. Kd3 Kh4 46. Ke4 Kh3 47. Rg7 Rxb2 48. Kxd4 Rb5 49. Rg8 a5 50. Kc4 Kh4 51. Rg7 Kh5 52. Rg1 a4 53. Ra1 Ra5 54. Kb4 Rb5+ 55. Kc4 Kg5 56. Rxa4 Kf5 57. Ra1 Rb2 58. Rf1+ Ke6 59. Rd1 Rc2+ 60. Kb4 Ke5 61. Rd7 Rb2+ 62. Kc4 Rb1 63. Rd8 Ke6 64. Rd2 Ke7 65. Rd3 Ke8 66. Rd2 Re1 67. Rb2 Re4+ 68. Kd3 Re7 69. Kd4 Kd8 70. Rb1 Kc7 71. Rh1 Rd7+ 72. Kc4 Rg7 73. Rh4 Rf7 74. Rg4 b5+ 75. cxb6+ Kxb6 76. Rh4 Rg7 77. Rf4 Rd7 78. Rh4 Rd6 79. Rg4 Rd1 80. Rh4 Rc1+ 81. Kb3 Kb5 82. Rh5+ c5 83. Rh4 c4+ 84. Kb2 Rg1 85. Rh3 Kb4 86. Kc2 Rg2+ 87. Kc1 Re2 88. Rg3 Rh2 89. Rf3 Rh1+ 90. Kc2 Rh2+ 91. Kc1 c3 92. Rf8 Kb3 93. Rb8+ Kc4 94. Rc8+ 1/2-1/2

[Event "Titled Tuesday intern op 1st Jan"]
[Site "Chess.com INT"]
[Date "2019.01.01"]
[Round "9"]
[White "Van Dael, Siem"]
[Black "Hansen, Martin"]
[Result "0-1"]
[WhiteElo "2253"]
[BlackElo "2067"]
[PlyCount "62"]
[EventDate "2019.01.01"]
[EventType "swiss (blitz)"]
[EventRounds "10"]
[EventCountry "USA"]
[SourceTitle "EXT 2021"]
[Source "ChessBase"]
[SourceDate "2020.10.23"]
[SourceVersion "1"]
[SourceVersionDate "2020.10.23"]
[SourceQuality "1"]

1. e4 e6 2. d4 d5 3. Nc3 Nf6 4. Bg5 dxe4 5. Nxe4 Nbd7 6. Nf3 h6 7. Bxf6 Nxf6 8. Bd3 c5 9. Nxf6+ gxf6 10. Qd2 cxd4 11. Nxd4 Bc5 12. Nf3 Bd7 13. 0-0-0 Qb6 14. Rhe1 0-0-0 15. Re2 e5 16. Nh4 Be6 17. Kb1 Kb8 18. h3 Rd4 19. g4 Ra4 20. b3 Rd8 21. f3 Rdd4 22. Qxh6 Rxa2 23. Kxa2 Ra4+ 24. Kb1 Bxb3 25. cxb3 Qxb3+ 26. Rb2 Qxd1+ 27. Qc1 Qxd3+ 28. Qc2 Qf1+ 29. Qc1 Ra1+ 30. Kxa1 Qxc1+ 31. Rb1 Qa3# 0-1

[Event "DEN-chT 0809"]
[Site "Denmark"]
[Date "2009.01.25"]
[Round "6.7"]
[White "Hansen, Martin"]
[Black "De Blecourt, Sandra"]
[Result "1-0"]
[WhiteElo "2125"]
[BlackElo "2056"]
[PlyCount "87"]
[EventDate "2008.11.01"]
[EventType "team-tourn"]
[EventRounds "9"]
[EventCountry "DEN"]
[SourceTitle "EXT 2023"]
[Source "ChessBase"]
[SourceDate "2022.10.05"]
[SourceVersion "1"]
[SourceVersionDate "2022.10.05"]
[SourceQuality "1"]
[WhiteTeam "Nastved"]
[BlackTeam "Helsingor"]
[WhiteTeamCountry "DEN"]
[BlackTeamCountry "DEN"]

1. e4 d5 2. exd5 Qxd5 3. Nc3 Qa5 4. d4 Nf6 5. Nf3 c6 6. Bc4 Bf5 7. Bd2 e6 8. Nd5 Qd8 9. Nxf6+ Qxf6 10. Qe2 Nd7 11. Bg5 Qg6 12. 0-0-0 Be7 13. Bxe7 Kxe7 14. h3 h5 15. Kb1 Nb6 16. Bb3 Be4 17. Nh4 Qh7 18. Rhe1 Bd5 19. Qe5 Kd7 20. Rd3 f6 21. Qe2 Rae8 22. Re3 g5 23. Nf3 Qf5 24. Nd2 Rh7 25. g4 hxg4 26. hxg4 Qg6 27. Ne4 Kc7 28. Nc5 Bxb3 29. axb3 Nd5 30. Nxe6+ Kd6 31. Re4 Rhe7 32. f3 f5 33. gxf5 Qxf5 34. Nc5 Nf4 35. Qh2 Rh7 36. Qxh7 Qxh7 37. Rxe8 Qf5 38. Rd8+ Kc7 39. Rd7+ Qxd7 40. Nxd7 Kxd7 41. Re5 Nh3 42. Kc1 Kd6 43. Kd2 b6 44. b4 1-0

[Event "Copenhagen Obro New Year op"]
[Site "Copenhagen"]
[Date "2008.12.28"]
[Round "2"]
[White "Hansen, Martin"]
[Black "Bekker Jensen, David"]
[Result "0-1"]
[WhiteElo "2125"]
[BlackElo "2310"]
[PlyCount "80"]
[EventDate "2008.12.27"]
[EventType "swiss"]
[EventRounds "7"]
[EventCountry "DEN"]
[SourceTitle "EXT 2018"]
[Source "ChessBase"]
[SourceDate "2017.10.13"]
[SourceVersion "1"]
[SourceVersionDate "2017.10.13"]
[SourceQuality "1"]

1. e4 c5 2. c3 Nf6 3. e5 Nd5 4. Nf3 Nc6 5. Bc4 Nb6 6. Bb3 c4 7. Bc2 g6 8. 0-0 Bg7 9. Qe2 d6 10. exd6 Qxd6 11. d4 cxd3 12. Bxd3 0-0 13. Nbd2 Rd8 14. Bc2 Be6 15. Rd1 Qc7 16. Ne4 Bc4 17. Rxd8+ Rxd8 18. Qe1 Bd5 19. Bb3 Nc4 20. Ned2 b5 21. a4 a6 22. axb5 axb5 23. Bd1 e5 24. Nxc4 bxc4 25. Be3 Qb7 26. Ra2 e4 27. Nd4 Nxd4 28. cxd4 c3 29. b3 Bxb3 30. Bxb3 Qxb3 31. Qa1 Bxd4 32. Ra8 Qd5 33. Rxd8+ Qxd8 34. Qd1 Bf6 35. Qxd8+ Bxd8 36. Kf1 f5 37. Ke2 Bf6 38. h4 Kf7 39. Kd1 Bxh4 40. Bd4 Bf6 0-1

[Event "DEN-chT 0809"]
[Site "Denmark"]
[Date "2008.12.07"]
[Round "3.6"]
[White "Clausen, Steen"]
[Black "Hansen, Martin"]
[Result "1/2-1/2"]
[WhiteElo "2224"]
[BlackElo "2125"]
[PlyCount "88"]
[EventDate "2008.11.01"]
[EventType "team-tourn"]
[EventRounds "9"]
[EventCountry "DEN"]
[SourceTitle "EXT 2023"]
[Source "ChessBase"]
[SourceDate "2022.10.05"]
[SourceVersion "1"]
[SourceVersionDate "2022.10.05"]
[SourceQuality "1"]
[WhiteTeam "Copenhagen K41"]
[BlackTeam "Nastved"]
[WhiteTeamCountry "DEN"]
[BlackTeamCountry "DEN"]

1. d4 d5 2. c4 c6 3. Nf3 Nf6 4. Nc3 e6 5. cxd5 exd5 6. Bg5 Nbd7 7. e3 Bd6 8. Bd3 0-0 9. Qc2 Be7 10. 0-0-0 Re8 11. h4 Nf8 12. Bxf6 Bxf6 13. Rdg1 Be6 14. g4 c5 15. g5 Be7 16. h5 c4 17. Bxh7+ Nxh7 18. g6 fxg6 19. Qxg6 Bf6 20. h6 Nf8 21. Qh5 g6 22. Ne5 Kh8 23. Qh2 Qb8 24. Qf4 Bxe5 25. dxe5 Qd8 26. e4 d4 27. Nd5 Bxd5 28. exd5 c3 29. e6 cxb2+ 30. Kb1 Qe7 31. Qxd4+ Kh7 32. f4 Nxe6 33. dxe6 Rad8 34. Qg7+ Qxg7 35. hxg7+ Kxg7 36. f5 Kf6 37. fxg6 Kxe6 38. Rh7 Rb8 39. Re1+ Kf6 40. Rxe8 Rxe8 41. Rxb7 Kxg6 42. Rxa7 Re2 43. a4 Kf6 44. Rd7 Re4 1/2-1/2

[Event "Baltic Sea Cup"]
[Site "Bornholm"]
[Date "2008.08.04"]
[Round "8"]
[White "Hansen, Martin"]
[Black "Medvegy, Nora"]
[Result "0-1"]
[WhiteElo "2128"]
[BlackElo "2353"]
[PlyCount "46"]
[EventDate "2008.07.29"]
[EventType "swiss"]
[EventRounds "10"]
[EventCountry "DEN"]
[SourceTitle "CBM 125 Extra"]
[Source "ChessBase"]
[SourceDate "2008.09.01"]
[SourceVersion "1"]
[SourceVersionDate "2008.09.01"]
[SourceQuality "1"]

1. e4 c5 2. c3 d5 3. exd5 Qxd5 4. d4 Nf6 5. Nf3 e6 6. Na3 Qd8 7. Nc2 Nbd7 8. Be2 Qc7 9. Ne3 cxd4 10. Nxd4 a6 11. 0-0 Bd6 12. h3 0-0 13. Qc2 Ne5 14. Nf3 Ng6 15. Nc4 Bc5 16. Bd3 b5 17. Ncd2 Rb8 18. Ng5 Bb6 19. Ndf3 Bb7 20. b3 Rbc8 21. c4 h6 22. Nxf7 Bxf3 23. Bxg6 Qg3 0-1

[Event "Baltic Sea Cup"]
[Site "Bornholm"]
[Date "2008.08.03"]
[Round "7"]
[White "Hansen, Martin"]
[Black "Berg, Peter"]
[Result "1-0"]
[WhiteElo "2128"]
[BlackElo "1998"]
[PlyCount "57"]
[EventDate "2008.07.29"]
[EventType "swiss"]
[EventRounds "10"]
[EventCountry "DEN"]
[SourceTitle "CBM 125 Extra"]
[Source "ChessBase"]
[SourceDate "2008.09.01"]
[SourceVersion "1"]
[SourceVersionDate "2008.09.01"]
[SourceQuality "1"]

1. e4 c6 2. d4 d5 3. Nc3 dxe4 4. Nxe4 Bf5 5. Ng3 Bg6 6. h4 h6 7. Nf3 Nd7 8. h5 Bh7 9. Bd3 Bxd3 10. Qxd3 Ngf6 11. Bd2 Qc7 12. 0-0-0 e6 13. Ne4 Nxe4 14. Qxe4 Nf6 15. Qe2 0-0-0 16. g3 Bd6 17. c4 c5 18. Bc3 Qc6 19. d5 Qa6 20. Kb1 Nxd5 21. Bxg7 Rhg8 22. Be5 Be7 23. Rhe1 Nb4 24. a3 Nc6 25. Bc3 Na5 26. Bxa5 Qxa5 27. Ne5 Rxd1+ 28. Rxd1 Rf8 29. Nxf7 1-0

[Event "Baltic Sea Cup"]
[Site "Bornholm"]
[Date "2008.08.02"]
[Round "6"]
[White "Christensen, Klaus"]
[Black "Hansen, Martin"]
[Result "1/2-1/2"]
[WhiteElo "2034"]
[BlackElo "2128"]
[PlyCount "53"]
[EventDate "2008.07.29"]
[EventType "swiss"]
[EventRounds "10"]
[EventCountry "DEN"]
[SourceTitle "CBM 125 Extra"]
[Source "ChessBase"]
[SourceDate "2008.09.01"]
[SourceVersion "1"]
[SourceVersionDate "2008.09.01"]
[SourceQuality "1"]

1. d4 d5 2. c4 c6 3. Nf3 Nf6 4. Qc2 e6 5. g3 Nbd7 6. Bg2 Be7 7. 0-0 0-0 8. Rd1 b6 9. a4 Bb4 10. Bd2 Qe7 11. Qb3 Bd6 12. Nc3 Ba6 13. cxd5 exd5 14. e3 Rfe8 15. Rdc1 Rab8 16. Qc2 c5 17. a5 Bb7 18. axb6 axb6 19. Ra7 Bc6 20. Nh4 g6 21. Bf1 Ra8 22. Rca1 Rxa7 23. Rxa7 Bb8 24. Ra6 Bb7 25. Ra1 Ng4 26. Nf3 Qd6 27. Bg2 1/2-1/2

[Event "Four Nations U20"]
[Site "Oslo"]
[Date "2007.12.01"]
[Round "2"]
[White "Dragicevic, Drazen"]
[Black "Hansen, Martin"]
[Result "1-0"]
[WhiteElo "2246"]
[BlackElo "2130"]
[PlyCount "79"]
[EventDate "2007.11.30"]
[EventType "team"]
[EventRounds "3"]
[EventCountry "NOR"]
[SourceTitle "CBM 121 Extra"]
[Source "ChessBase"]
[SourceDate "2008.01.10"]
[SourceVersion "1"]
[SourceVersionDate "2008.01.10"]
[SourceQuality "1"]

1. e4 e6 2. d4 d5 3. Nd2 c5 4. Ngf3 Nc6 5. exd5 exd5 6. dxc5 Bxc5 7. Nb3 Bd6 8. Bg5 Nge7 9. Be2 0-0 10. 0-0 Qc7 11. c3 Bg4 12. h3 Be6 13. Nfd4 a6 14. Qd2 Ng6 15. Nxe6 fxe6 16. Bg4 Rae8 17. Rae1 Nce5 18. Nd4 Nxg4 19. Nxe6 Rxe6 20. Rxe6 Bh2+ 21. Kh1 Bg1 22. f4 Qd7 23. hxg4 Qxe6 24. f5 Qf7 25. Kxg1 Ne5 26. Qd4 Nc6 27. Qd3 Re8 28. Rd1 Re4 29. Qxd5 Qxd5 30. Rxd5 Rxg4 31. Be3 Re4 32. Kf2 Ne7 33. Rd8+ Kf7 34. Rd7 Re5 35. g4 Rb5 36. b4 Ke8 37. Rd6 Re5 38. Bd4 Re4 39. Kf3 Re1 40. Bxg7 1-0

[Event "DEN-ch cand"]
[Site "Aalborg"]
[Date "2007.04.08"]
[Round "7"]
[White "Hansen, Martin"]
[Black "Thorsbro, Peter"]
[Result "1/2-1/2"]
[WhiteElo "2042"]
[BlackElo "2195"]
[PlyCount "45"]
[EventDate "2007.04.03"]
[EventType "swiss"]
[EventRounds "7"]
[EventCountry "DEN"]
[SourceTitle "EXT 2023"]
[Source "ChessBase"]
[SourceDate "2022.10.05"]
[SourceVersion "1"]
[SourceVersionDate "2022.10.05"]
[SourceQuality "1"]

1. e4 c5 2. c3 d5 3. exd5 Qxd5 4. d4 Nc6 5. Nf3 Bg4 6. Be2 e6 7. 0-0 Nf6 8. Na3 cxd4 9. Nb5 Qd8 10. Nbxd4 Nxd4 11. Nxd4 Bxe2 12. Qxe2 Be7 13. Rd1 Qb6 14. Be3 0-0 15. Nb5 Qa6 16. a4 Rad8 17. b3 b6 18. c4 Qb7 19. Bf4 Bc5 20. Bd6 Bxd6 21. Nxd6 Qc6 22. Nb5 a6 23. Nc3 1/2-1/2

[Event "Copenhagen Challenge"]
[Site "Ballerup"]
[Date "2007.??.??"]
[Round "4"]
[White "Gajic, Mladen"]
[Black "Hansen, Martin"]
[Result "1-0"]
[WhiteElo "2094"]
[BlackElo "2050"]
[PlyCount "77"]
[EventDate "2007.05.02"]
[EventType "swiss"]
[EventRounds "9"]
[EventCountry "DEN"]
[SourceTitle "EXT 2018"]
[Source "ChessBase"]
[SourceDate "2017.10.13"]
[SourceVersion "1"]
[SourceVersionDate "2017.10.13"]
[SourceQuality "1"]

1. b3 d5 2. Bb2 c5 3. e3 Nf6 4. f4 g6 5. Nf3 Bg7 6. Bb5+ Bd7 7. Be2 0-0 8. Ne5 Nc6 9. Bf3 e6 10. 0-0 Ne8 11. d4 Qc7 12. Nc3 Nxe5 13. fxe5 f6 14. exf6 Nxf6 15. a4 Rac8 16. Re1 b6 17. Re2 Ne8 18. Nb5 Bxb5 19. axb5 Nd6 20. dxc5 bxc5 21. Bxg7 Kxg7 22. Qd3 Rb8 23. c4 dxc4 24. bxc4 Nf7 25. Rea2 Qe5 26. Rxa7 Kg8 27. Qe4 Qf6 28. Rf1 Ng5 29. Qf4 Qd8 30. Qc7 Qf6 31. Qg3 Ne4 32. Qe1 Nd6 33. Ra4 Qe5 34. Kh1 Qf5 35. Ra7 Nxc4 36. Qh4 g5 37. Qxc4 g4 38. Be2 Qd5 39. Qxg4+ 1-0

[Event "Copenhagen Challenge"]
[Site "Ballerup"]
[Date "2007.??.??"]
[Round "1"]
[White "Hansen, Martin"]
[Black "Lund, Silas Esben"]
[Result "0-1"]
[WhiteElo "2050"]
[BlackElo "2309"]
[PlyCount "60"]
[EventDate "2007.05.02"]
[EventType "swiss"]
[EventRounds "9"]
[EventCountry "DEN"]
[SourceTitle "EXT 2018"]
[Source "ChessBase"]
[SourceDate "2017.10.13"]
[SourceVersion "1"]
[SourceVersionDate "2017.10.13"]
[SourceQuality "1"]

1. e4 e5 2. Nf3 Nc6 3. Bb5 Nf6 4. d3 d6 5. c3 g6 6. 0-0 Bg7 7. Re1 0-0 8. Nbd2 Nh5 9. Nf1 Bd7 10. Ng3 Nxg3 11. hxg3 h6 12. Ba4 Kh7 13. d4 Qe7 14. dxe5 dxe5 15. Qe2 Rfd8 16. Be3 a6 17. Red1 Nd4 18. cxd4 Bxa4 19. b3 exd4 20. Bxd4 Bc6 21. Bxg7 Kxg7 22. Rxd8 Rxd8 23. Re1 Re8 24. Qb2+ Kh7 25. Nd4 Qb4 26. Nc2 Qd2 27. e5 Re6 28. f3 Bb5 29. Qc1 Qxc1 30. Rxc1 Rc6 0-1